000 00755nam a22002297i 4500
001 69171
003 ES-MaACL
005 20230906170443.0
007 t|
008 040916s1994 sp ||||0| spa d
020 _a84-7785-080-1
040 _aM-BN
_bspa
_cM-BN
080 _a860-14"19"(082.2)
100 1 _aGarfias, Pedro,
_d1901-1967
_955529
245 1 0 _aPedro Garfias /
_cintroducción, selección y bio-bibliografía de José María Barrera López.
260 _aMadrid :
_bCentro Cultural de la Generación del 27,
_c1994.
300 _a28 p. ;
_c21 cm.
700 1 _aBarrera López, José María.
_925930
710 2 _aCentro Cultural Generación del 27.
_92582
852 _aES-MaACL
_j2179-F-13
_bR.126427
999 _c69171
_d69171